00988nam a2200253 a 450000100100000000500170001000800410002704000250006808200230009311000330011624000180014924500190016726000550018630000280024159000270026965000590029665000590035565000400041465100440045471000610049891000370055995201210059699900170071700002995220240307073950.0110427s19uu dr 000 0 spa d aDO-SdBNPbspacBNPHU a342.729307bR426Le1 aRepública Dominicana.944710a[Leyes, etc.]10aLey electoral. aSanto Domingo :bJunta Central Electoral,c[198?]. axxxix, 125 p. ;c22 cm. aInventariado, 2018/ YL 4aEleccionesxLegislaciónzRepública Dominicana9412 4aSufragioxLegislaciónzRepública Dominicana927666 4aLeyeszRepública Dominicana93033 4aRepública DominicanaxLey 588493224712aRepública Dominicana.b Junta Central Electoral964605 aValidado. Control de calidad EMS 0010718PDaPDbPDcHDd2011-04-27iLF1l0o342.729307 R426Lep29952-10r2020-06-25w2020-06-25yLFPDZNo se presta c29444d29444